LEADER 01399nam a2200277 i 4500 001 000000075106 003 CaOOAMICUS 005 20250516145219.0 008 130321s1976 it u000 u ita u 013 $a46278 040 $aSeMil$bita 100 1 $aBalthasar, Hans Urs : von,$c.$0(OLS)http://semarc/name/881 240 10$aKosmiche Liturgie : das Wellthild Maximus' des Bekenners.$0(OLS)http://semarc/title/121879 245 10$aLiturgia cosmica :$bl'immagine dell'universo in Massimo il Confessore /$cHans Urs von Balthasar ; presentazione di Emmanuel Lanne. 264 1$aRoma :$bAVE,$c1976. 300 $aXV, 399 p. ;$c22 cm 700 1 $aLanne, Emmanuel,$c.$0(OLS)http://semarc/name/21222 773 0 $aBalthasar, Hans Urs : von $tSez. 4: Monografie.$dMilano : Jaca Book, 1970-2000.$kHans Urs von Balthasar Opere$g1$w()3300 830 0$aTeologia oggi ;$v24.$0(OLS)http://semarc/title/653 830 0$aHans Urs von Balthasar Opere ;$v16.$0(OLS)http://semarc/title/430463 850 $aSeMil 852 $aSeMil$W1$xVenegono$y1$m2LL IV 16$j257131$B41258$CSeMilBibl$Z2$F41262 $81 961 $aOmaggio: Donazione 996 $6245$aLiturgia cosmica :$bl'immagine dell'universo in Massimo il Confessore$9(OLS)http://semarc/title/121878 996 $6264$aRoma :$bAVE$9(OLS)http://semarc/publisher/30251 LEADER 00729nas a2200181 i 4500 001 000000023609 003 CaOOAMICUS 005 20180830125446.0 008 180830s1953 it u0 ita u 040 $aSeMil$bita 245 10$aScripta et documenta /$ccura Monachorum Scriptorii Montisserrati. 260 $aBarcelona :$bAbadia de Montserrat,$c1953. 300 $av. ;$c26 cm. 700 1 $aMonachorum Scriptorii Montisserrati.$0(OLS)http://semarc/name/10513 774 0 $tLiturgica.$dMontserrat : [s.n.], 1956.$w()24163 774 0 $tMonastica.$dMontserrat : [s.n.], 1960.$w()24164 996 $6245$aScripta et documenta$9(OLS)http://semarc/title/31662 996 $6260$aBarcelona :$bAbadia de Montserrat$9(OLS)http://semarc/publisher/31002